Pays d'Amérique de l'hémisphère nord. - Statistiques

Statistiques générales
  • Ce quiz a été pris 37 fois
    34 depuis la dernière actualisation
  • Le résultat moyen est 23 sur 30
Statistiques - réponses
Réponses % Correct
Canada
100%
États-Unis
97%
Panama
97%
Mexique
91%
Salvador
88%
Nicaragua
85%
Colombie
82%
Costa Rica
82%
Cuba
82%
Dominique
82%
Bahamas
79%
Équateur
79%
République dominicaine
79%
Sainte-Lucie
79%
Belize
76%
Brésil
76%
Guatemala
76%
Haïti
76%
Jamaïque
76%
Suriname
76%
Venezuela
76%
Guyana
70%
Honduras
70%
Antigua-et-Barbuda
67%
Barbade
67%
Trinité-et-Tobago
67%
Saint-Vincent et les Grenadines
61%
Saint-Christophe-et-Niévès
58%
France
55%
Grenade
52%
Aucun quiz correspondant
Distribution des résultats
% des personnes avec chaque résultat
Percentile par nombre de réponses
Votre historique - résultats
Vous n’avez pas pris ce quiz depuis la dernière actualisation